000
00276nam a22001337a 4500
008
210430b ||||| |||| 00| 0 eng d
041
_a
eng
080
_a
030
082
_a
030
100
_a
23
101
_a
ENC
245
_a
The Way Things Work
_c
Simon,
942
_2
udc
_c
BK
999
_c
57049
_d
57049